000 00185 a2200085 4500
020 _a9789386235794
100 _aRaju
245 _aSTRUCTURAL DESIGN AND DRAWING
260 _bOrient Blackswan
999 _c13358
_d13358